Analysis, syntesis, and desing of chemical processes /Richard Turton, Richard C. Bailie, Wallace B. Whiting, Joseph A. Shaeiwitz (Registro nro. 18877)

Detalles MARC
000 -LÍDER
fixed length control field 00668nam a2200169 4500
008 - ELEMENTOS DE LONGITUD FIJA -- INFORMACIÓN GENERAL
fixed length control field 01198 2003 0a 000 0USA
020 ## - NÚMERO INTERNACIONAL NORMALIZADO PARA LIBROS
ISBN 0-13-064792-6
050 ## - SIGNATURA TOPOGRAFICA DE LA BIBLIOTECA DEL CONGRESO (LC)
Número de Clasificación TP155 7 A53 T87 1998
082 ## - NUMERO DE CLASIFICACION DECIMAL DEWEY
Número de Clasificación 660.2812 T928a
100 ## - ASIENTO PRINCIPAL--NOMBRE PERSONAL
Nombre personal Turton, Richard. et. al.
245 ## - TÍTULO
Título Analysis, syntesis, and desing of chemical processes /Richard Turton, Richard C. Bailie, Wallace B. Whiting, Joseph A. Shaeiwitz
250 ## - MENCIÓN DE EDICIÓN
Mención de edición 2a. ed./ reimp. 2003
260 ## - PUBLICACIÓN, DISTRIBUCIÓN, ETC. (PIE DE IMPRENTA)
Lugar de publicación, distribución, etc. New Jersey, USA : Pearson Educacion
300 ## - DESCRIPCIÓN FÍSICA
Extensión xxxi, 987 p, / 23 cm.
650 ## - ASIENTO SECUNDARIO DE MATERIA - TERMINO TEMÁTICO
Término temático o nombre geográfico como elemento de entrada 1. PROCESOS QUIMICOS
700 ## - ASIENTO SECUNDARIO - NOMBRE PERSONAL
Nombre personal I. Bailie, Richard. coaut. II. Whiritin, Wallace B. coaut. III. Shaewitz, Joseph. coaut.
Existencias
No. biblioteca No. biblioteca Número de clasificación Código de barras/Número de adquisición Número de copia Tipo de material
LUIS G. INCLAN LUIS G. INCLAN 660.2812 T928a 33303 1 Libros
LUIS G. INCLAN LUIS G. INCLAN 660.2812 T928a 33304 2 Libros
LUIS G. INCLAN LUIS G. INCLAN 660.2812 T928a 45774 3 Libros
Calzada Tecnológico # 27, Zacatepec, Morelos.
01(734) 343-07-23 / 343-21-10 / 343-21-11
Apdo. Postal 45 C.P 62780